• 首页
  • 本馆介绍
  • 公告通知
  • 最新文献
  • 馆藏检索
  • 电子资源
  • 读者导购
  • 参考咨询
  • 我的图书馆
  • 登录
  • 详细信息显示
  • 放入我的书架
  • 预约/预借图书
  • 作者相关作品
  • 分类相关作品
  • 丛书相关作品
  • 出版社相关作品

书目信息

  • 表格格式
  • 工作单格式
  • 卡片格式
题名:
建设工程法律与诉讼仲裁实务
    
 
作者: 林一飞 主编
分册:  
出版信息: 北京   对外经济贸易大学出版社  2013
页数: 253页
开本: 23cm
丛书名: 法律与诉讼仲裁实务丛书
单 册:
中图分类: D922.297.4 , D925.104
科图分类:
主题词: 建筑法--研究--中国 , 建筑法--民事诉讼--研究--中国 , 建筑法--仲裁--研究--中国 , 建筑法 , 民事诉讼 , 仲裁
电子资源:
ISBN: 978-7-5663-0707-1
000 01089nam0 22003251 450
001 524
005 20140908081848.34
010    @a978-7-5663-0707-1@dCNY32.00
100    @a20131128d2013 em y0chiy50 ea
101 0  @achi
102    @aCN@b110000
105    @ay z 001yy
106    @ar
200 1  @a建设工程法律与诉讼仲裁实务@AJian She Gong Cheng Fa Lv Yu Su Song Zhong Cai Shi Wu@f林一飞主编@FLin Yi Fei Zhu Bian
210    @a北京@c对外经济贸易大学出版社@d2013
215    @a253页@d23cm
225 2  @a法律与诉讼仲裁实务丛书
330    @a本书分七个专题:建设工程勘察合同、建设工程设计合同、建设工程监理合同、建设工程施工合同、建设工程安装合同、建设工程分包合同、装饰装修合同。
461  0 @12001 @a法律与诉讼仲裁实务丛书
606 0  @a建筑法@x研究@y中国
606 0  @a建筑法@x民事诉讼@x研究@y中国
606 0  @a建筑法@x仲裁@x研究@y中国
606 0  @a建筑法
606 0  @a民事诉讼
606 0  @a仲裁
690    @aD922.297.4@v5
690    @aD925.104@v5
701  0 @a林一飞@ALin Yi Fei@4主编
801  0 @aCN@bTANGWEI@c20140603
905    @b0837465-67@dD922.297.4@e1138@f3
    
    建设工程法律与诉讼仲裁实务/林一飞主编.-北京:对外经济贸易大学出版社,2013
    253页;23cm.-(法律与诉讼仲裁实务丛书)
    
    
    ISBN 978-7-5663-0707-1:CNY32.00
    本书分七个专题:建设工程勘察合同、建设工程设计合同、建设工程监理合同、建设工程施工合同、建设工程安装合同、建设工程分包合同、装饰装修合同。
●
相关链接 在E读中查询图书 在五车中查询图书 在当当中查询图书 在豆瓣中查询图书


正题名:建设工程法律与诉讼仲裁实务     索取号:D922.297.4/1138         预约/预借

序号 登录号 条形码 馆藏地/架位号 状态 备注
1 0837465   208374659   第一样本阅览室/ [索取号:D922.297.4/1138] 在馆    
2 0837466   208374668   密集书库-史法系/ [索取号:D922.297.4/1138] 在馆    
3 0837467   208374677   第一借阅区/ [索取号:D922.297.4/1138] 在馆    
唐山师范学院图书馆 欢迎您!
大连网信软件有限公司© 版权所有